Greenwich observatory (Record no. 5588)

MARC details
000 -LEADER
fixed length control field 00592nam a2200181Ia 4500
003 - CONTROL NUMBER IDENTIFIER
control field IN-BaIIA
008 - FIXED-LENGTH DATA ELEMENTS--GENERAL INFORMATION
fixed length control field 211028s9999 xx 000 0 eng d
040 ## - CATALOGING SOURCE
Transcribing agency IIA Library
080 ## - UNIVERSAL DECIMAL CLASSIFICATION NUMBER
Universal Decimal Classification number 520.1
Item number GWO-3
100 ## - MAIN ENTRY--PERSONAL NAME
Personal name Howse, Derek
9 (RLIN) 9703
245 #0 - TITLE STATEMENT
Title Greenwich observatory
Remainder of title vol. 3, the buildings and instruments 1675-1975
Statement of responsibility, etc. Derek Howse
260 ## - PUBLICATION, DISTRIBUTION, ETC.
Place of publication, distribution, etc. London
Name of publisher, distributor, etc. Taylor and Francis
Date of publication, distribution, etc. 1975
300 ## - PHYSICAL DESCRIPTION
Extent xix, 178p.
650 ## - SUBJECT ADDED ENTRY--TOPICAL TERM
Topical term or geographic name entry element Astronomy and astrophysics thesaurus
650 ## - SUBJECT ADDED ENTRY--TOPICAL TERM
Topical term or geographic name entry element Greenwich observatory
9 (RLIN) 9704
650 ## - SUBJECT ADDED ENTRY--TOPICAL TERM
Topical term or geographic name entry element Observatory
9 (RLIN) 970
942 ## - ADDED ENTRY ELEMENTS (KOHA)
Koha item type Books
952 ## - LOCATION AND ITEM INFORMATION (KOHA)
-- 25.00
Holdings
Withdrawn status Lost status Damaged status Not for loan Home library Current library Shelving location Date acquired Total Checkouts Full call number Barcode Date last seen Price effective from Koha item type
        IIA Library-Bangalore IIA Library-Bangalore General Stacks 01/10/1977   520.1/ GWO-3 6256 05/11/2021 01/10/1977 Books

Powered by Koha